00608cam a22002051 4500001001300000003000400013005001700017008004100034010001700075035002000092040001900112042001200131050001600143060002300159100003900182245009300221260004700314300002400361999001700385med47000301 DLC20260227111558.0810815s1946 xx ac 000 0 eng  amed47000301  a(OCoLC)14731334 aDLCcDNLMdDLC apremarc00aRM730b.F830 aWB 905bF917c 19461 aFrisbie, Granville Kimball,d1902-10aCollege textbook of the Truscott system of angular analysis and controlled adjusting ... aSan Jose, Calif.,bL. L. Truscott,cc1946. a99 p.bill., ports. c38029d38029